00819nam a2200253 i 4500001000400000003000400004005001700008008004100025020002100066040000800087041000800095080001600103100001900119245005600138250001800194260003700212300002800249650004700277650004400324650002400368655003600392655003900428856009800467bgjBPK20140813115417.0030303s2002 uk f |000 0 eng d a0582745020 (pbk) cBPK0 aeng a821.111(73)1 aHigh, Peter B.10aAn Outline of American Literature /cPeter B. High. a[22nd impr.]. aHarlow, Essex :bLongman,c2002. a256 s. :bil. ;c24 cm. 0aAmerican literaturexHistory and criticism 0aAmerican literaturexStudy and teaching 0aAmerican literature 0aTextbooks for foreign speakers. 4aLiteratura amerykańskaxhistoria uhttp://koha.tu.koszalin.pl/cgi-bin/koha/opac-detail.pl?biblionumber=48404yKatalog online BPK